000 01102cad a22002175a 4500
001 L156964
008 120801s2012 xxk f 000 0 eng d
035 _a(Sirsi) u156964
041 0 _aeng
110 2 _aInternational Valuation Standards Council
_95828
245 0 0 _aDiscussion paper
_bvaluations in the extractive industries July 2012
_h[electronic resource]
260 _aLondon
_bIVSC
_c2012
490 0 _aInternational Valuation Standards Council Discussion Papers
_vJuly 2012
520 _aSets out a number of issues and invites responses from all those with an interest in valuation in the sector, including mining, oil and gas companies, valuation consultants specialising in the sector, investor groups and those with a regulatory role that is impacted by valuation. Comments are invited before 20 October 2012.
590 _aKA
651 4 _aInternational
690 _aValuation
_96273
690 _aMinerals and waste
_96257
856 4 0 _uhttps://www.ivsc.org/~ivscorg/sites/default/files/Discussion%20Paper%20approved.pdf
_zView the discussion paper at www.ivsc.org
942 _n0
999 _c114518
_d114518